00886nam a2200265 a 450000100060000000300080000600500170001400800410003102000170007202000240008902000270011302000220014003500190016204000250018104100080020608200270021410000240024124501020026526000620036730000260042950400400045565000430049565100450053865100370058336280BD-RjUL20211209052450.0140619s1984 cou b 001 0 eng  a0891589457 : a0865314519 (pbk.) : a0861873769 (U.K. pbk.) a0861873750 (U.K.) a(BD-RjUL)36377 aLCbengcLCdBD-RjUL aeng04a320.9431219bSCP 19841 aScharf, C. Bradley.10aPolitics and change in East Germany :ban evaluation of socialist democracy /cC. Bradley Scharf. aBoulder, Colo. :bWestview ;aLondon :bF. Pinter,c1984. axii, 219 p. ;c23 cm. aBibliography: p. 203-207.and index. 0aNational characteristics, East German. 0aGermany (East)xPolitics and government. 0aGermany (East)xEconomic policy.